Statistics for Countries with the lowest life expectancy

Click here to take the quiz!

General Stats

  • This quiz has been taken 42 times
  • The average score is 17 of 20

Answer Stats

HintAnswer% Correct
54.36Central African Republic
95%
61.60Democratic Republic of the Congo
93%
55.75Nigeria
88%
58.74South Sudan
88%
62.16Zimbabwe
88%
55.17Chad
85%
62.64Guinea
85%
55.65Lesotho
85%
55.92Sierra Leone
85%
58.34Somalia
85%
62.22Angola
83%
60.32Cameroon
83%
61.05Eswatini
80%
59.38Guinea-Bissau
80%
60.54Mali
80%
62.13Mozambique
80%
62.13Togo
80%
62.71Burundi
78%
59.82Equatorial Guinea
78%
58.75Cote D'ivoire
70%

Score Distribution

Percentile by Number Answered

Percent of People with Each Score

Your Score History

You have not taken this quiz